Devinez le Pays Mystère #34 - Statistiques

Statistiques générales
  • Ce quiz a été pris 370 fois
  • Le résultat moyen est 16 sur 21
Statistiques - réponses
Type de Réponse Réponse % Correct
Lettre Trouvée A
95%
Lettre Bien Placée A
88%
Lettre Trouvée A
88%
Lettre Trouvée N
88%
Lettre Trouvée T
85%
Lettre Bien Placée A
84%
Lettre Trouvée S
82%
Lettre Bien Placée Z
80%
Lettre Trouvée Z
80%
Lettre Bien Placée A
76%
Lettre Trouvée A
76%
Lettre Trouvée H
76%
Lettre Bien Placée S
76%
Lettre Bien Placée H
70%
Lettre Bien Placée K
70%
Lettre Bien Placée K
70%
Lettre Trouvée K
70%
Lettre Trouvée K
70%
Pays Mystère Kazakhstan
70%
Lettre Bien Placée N
70%
Lettre Bien Placée T
70%
Aucun quiz correspondant
Distribution des résultats
% des personnes avec chaque résultat
Percentile par nombre de réponses
Votre historique - résultats
Vous n’avez pas pris ce quiz